Cien libros espanoles : (رقم التسجيلة. 148629)

تفاصيل مارك
000 -LEADER
fixed length control field 00878cam a22002531 4500
008 - FIXED-LENGTH DATA ELEMENTS--GENERAL INFORMATION
fixed length control field 720515s1971 sp 000 0 spa
010 ## - LIBRARY OF CONGRESS CONTROL NUMBER
LC control number 72316925
040 ## - CATALOGING SOURCE
Original cataloging agency DLC
Transcribing agency OU
Modifying agency OKentU
-- OCoLC
-- DLC
050 00 - LIBRARY OF CONGRESS CALL NUMBER
Classification number PQ6072
Item number .D49
092 04 - LOCALLY ASSIGNED DEWEY CALL NUMBER (OCLC)
Classification number 860.90064
Item number D5427
Edition number 21
099 ## - LOCAL FREE-TEXT CALL NUMBER (OCLC)
Classification number 04
-- 860.90064 D5427
100 1# - MAIN ENTRY--PERSONAL NAME
Personal name Diaz-Plaja, Guillermo,
Dates associated with a name 1909-
245 10 - TITLE STATEMENT
Title Cien libros espanoles :
Remainder of title poesia y novela, 1968-1970 /
Statement of responsibility, etc. Guillermo Diaz Plaja
260 ## - PUBLICATION, DISTRIBUTION, ETC.
Place of publication, distribution, etc. [Salamanca] :
Name of publisher, distributor, etc. Anaya ,
Date of publication, distribution, etc. [1971]
300 ## - PHYSICAL DESCRIPTION
Extent xv, 413 p.;
Dimensions 20 cm.
490 0# - SERIES STATEMENT
Series statement Temas y estudios
600 10 - SUBJECT ADDED ENTRY--PERSONAL NAME
Personal name Diaz-Plaja, Guillermo,
Dates associated with a name 1909-
General subdivision History and criticism
650 #0 - SUBJECT ADDED ENTRY--TOPICAL TERM
Topical term or geographic name entry element Spanish literature
Chronological subdivision 20th century
General subdivision History and criticism
902 ## - LOCAL DATA ELEMENT B, LDB (RLIN)
No. of Items 1
905 ## - LOCAL DATA ELEMENT E, LDE (RLIN)
Cataloger Amro L.
Reviser Cat
905 ## - LOCAL DATA ELEMENT E, LDE (RLIN)
Cataloger Jihan
Reviser Rev.
942 ## - ADDED ENTRY ELEMENTS (KOHA)
Source of classification or shelving scheme Dewey Decimal Classification
Koha item type Books
المقتنيات
Source of classification or shelving scheme Not for loan Home library Current library Date acquired Full call number Barcode Date last seen Copy number Koha item type
Dewey Decimal Classification   المكتبة المركزبة الجديدة - جامعة القاهرة قاعة الثقاقات الاجنبية - الدور الثالث 11.02.2024 860.90064 D5427 Spa. 01000116006103000 05.07.2024 C.1 Books
Cairo University Libraries Portal Implemented & Customized by: Eng. M. Mohamady Contacts: new-lib@cl.cu.edu.eg | cnul@cl.cu.edu.eg
CUCL logo CNUL logo
© All rights reserved — Cairo University Libraries
CUCL logo
Implemented & Customized by: Eng. M. Mohamady Contact: new-lib@cl.cu.edu.eg © All rights reserved — New Central Library
CNUL logo
Implemented & Customized by: Eng. M. Mohamady Contact: cnul@cl.cu.edu.eg © All rights reserved — Cairo National University Library